Famous Portuguese People by Picture - Statistics

General Stats
  • This quiz has been taken 69 times
    58 since last reset
  • The average score is 9 of 16
Answer Stats
Picture Hint Answer % Correct
1985– Cristiano Ronaldo
100%
1942–2014 Eusébio
81%
1972– Luís Figo
81%
1480–1521 Ferdinand Magellan
79%
1963– José Mourinho
77%
1994– Bernardo Silva
69%
1889–1970 António de Oliveira Salazar
60%
1949– António Guterres
54%
1888–1935 Fernando Pessoa
52%
1922–2010 José Saramago
46%
1989– Salvador Sobral
44%
1920–1999 Amália Rodrigues
42%
1991– Sara Sampaio
37%
1929–1987 José Afonso
35%
1956– José Manuel Barroso
27%
1394–1460 Prince Henry the Navigator
27%
No matching quizzes found
Score Distribution
Percent of People with Each Score
Percentile by Number Answered
Your Score History
You have not taken this quiz since the last reset